000 00627nam a2200229 a 4500
008
020 _a0582441846 (pbk.)
049 _aMAIN
090 _aQD905.2
_bPHI
100 1 _aPhillips, F.C.
245 1 3 _aAn introduction to crystallography /
_cF.C. Phillips.
250 _a4th ed.
260 _aHarlow, Essex :
_bLongman ,
_c1971.
300 _aix, 351 p. :
_bill. ;
_c22 cm.
500 _aIncludes index.
650 0 _aCrystallography.
907 _a.b10135807
_b13-09-12
_c13-09-04
003
005 20230123133824.0
040 _cNUST
942 _cBOOKS
_kQD905.2
_mPHI
999 _c155216
_d155216